[Event "DVM U16w 2021"]
[Site "Berlin GER"]
[Date "2022.05.02"]
[Round "5"]
[White "Muhina, Liana"]
[Black "Gietzelt, Magdalena"]
[Result "1-0"]
[Termination "normal"]
[Board "4.4"]
[WhiteElo "1185"]
[BlackElo "1014"]
[WhiteClock "00:39:48"]
[BlackClock "00:29:49"]
[WhiteTeam "SC Garching 1980 e.V."]
[BlackTeam "Karlsruher SF 1853"]
[PlyCount "109"]
[WhiteFideId "16266145"]
[BlackFideId "16298403"]
[EventCountry "GER"]
[EventRounds "7"]
[EventType "team-swiss"]
[EventDate "2022.04.29"]

1. e4 {[%clk 1:30:57]} e5 {[%clk 1:30:54]} 2. Nf3 {[%clk 1:31:19]} Nc6 {[%clk
1:31:17]} 3. d4 {[%clk 1:31:39]} exd4 {[%clk 1:31:29]} 4. Nxd4 {[%clk 1:31:56]}
Bc5 {[%clk 1:31:40]} 5. Nxc6 {[%clk 1:32:12]} Qf6 {[%clk 1:31:51]} 6. Qf3
{[%clk 1:32:12]} dxc6 {[%clk 1:32:00]} 7. Qxf6 {[%clk 1:31:05]} Nxf6 {[%clk
1:32:15]} 8. Bd3 {[%clk 1:31:05]} Be6 {[%clk 1:32:06]} 9. O-O {[%clk 1:27:56]}
O-O-O {[%clk 1:31:07]} 10. Bg5 {[%clk 1:27:55]} Bd4 {[%clk 1:29:48]} 11. Nc3
{[%clk 1:24:49]} h6 {[%clk 1:28:23]} 12. Bh4 {[%clk 1:22:57]} g5 {[%clk
1:27:16]} 13. Bg3 {[%clk 1:22:57]} h5 {[%clk 1:25:52]} 14. h3 {[%clk 1:20:19]}
h4 {[%clk 1:25:47]} 15. Bh2 {[%clk 1:18:19]} g4 {[%clk 1:25:37]} 16. hxg4
{[%clk 1:14:33]} Nxg4 {[%clk 1:24:33]} 17. Be2 {[%clk 1:10:43]} Nxh2 {[%clk
1:24:33]} 18. Kxh2 {[%clk 1:10:51]} Rdg8 {[%clk 1:17:19]} 19. Rad1 {[%clk
1:06:05]} h3 {[%clk 1:13:00]} 20. g3 {[%clk 1:04:35]} Bf6 {[%clk 1:03:55]} 21.
Rg1 {[%clk 1:02:17]} Kb8 {[%clk 0:57:46]} 22. a3 {[%clk 0:56:26]} Bxc3 {[%clk
0:52:58]} 23. bxc3 {[%clk 0:56:19]} b5 {[%clk 0:49:44]} 24. Rb1 {[%clk
0:54:51]} a6 {[%clk 0:48:29]} 25. c4 {[%clk 0:51:53]} Bd7 {[%clk 0:46:46]} 26.
a4 {[%clk 0:50:40]} Rg5 {[%clk 0:43:28]} 27. Rb2 {[%clk 0:45:50]} Kc8 {[%clk
0:39:10]} 28. Rgb1 {[%clk 0:39:50]} Be8 {[%clk 0:36:34]} 29. cxb5 {[%clk
0:38:37]} cxb5 {[%clk 0:33:40]} 30. axb5 {[%clk 0:38:30]} axb5 {[%clk 0:33:23]}
31. Bxb5 {[%clk 0:38:20]} Bxb5 {[%clk 0:30:39]} 32. Rxb5 {[%clk 0:38:32]} Rxb5
{[%clk 0:28:22]} 33. Rxb5 {[%clk 0:38:53]} Kd7 {[%clk 0:27:24]} 34. g4 {[%clk
0:38:24]} Rh4 {[%clk 0:27:10]} 35. f3 {[%clk 0:38:18]} Ke6 {[%clk 0:26:26]} 36.
Rh5 {[%clk 0:37:57]} Rxh5 {[%clk 0:26:28]} 37. gxh5 {[%clk 0:38:19]} Kf6 {[%clk
0:26:48]} 38. h6 {[%clk 0:38:28]} Kg6 {[%clk 0:27:11]} 39. h7 {[%clk 0:38:49]}
Kxh7 {[%clk 0:27:37]} 40. Kxh3 {[%clk 0:39:13]} Kg7 {[%clk 0:27:12]} 41. e5
{[%clk 0:39:18]} f6 {[%clk 0:27:04]} 42. exf6+ {[%clk 0:38:44]} Kxf6 {[%clk
0:27:29]} 43. Kg4 {[%clk 0:38:55]} c6 {[%clk 0:27:23]} 44. f4 {[%clk 0:39:04]}
c5 {[%clk 0:27:36]} 45. c4 {[%clk 0:39:25]} Kg6 {[%clk 0:27:12]} 46. f5+ {[%clk
0:39:30]} Kf7 {[%clk 0:27:36]} 47. Kg5 {[%clk 0:38:49]} Kg7 {[%clk 0:28:01]}
48. f6+ {[%clk 0:39:08]} Kf8 {[%clk 0:28:27]} 49. Kf5 {[%clk 0:39:18]} Kf7
{[%clk 0:28:51]} 50. Ke5 {[%clk 0:39:39]} Kf8 {[%clk 0:28:43]} 51. Kd5 {[%clk
0:38:36]} Kf7 {[%clk 0:29:08]} 52. Kxc5 {[%clk 0:38:55]} Kxf6 {[%clk 0:29:32]}
53. Kd6 {[%clk 0:39:18]} Kf7 {[%clk 0:29:54]} 54. Kd7 {[%clk 0:39:28]} Kf6
{[%clk 0:29:49]} 55. c5 {[%clk 0:39:48]} 1-0

[Event "DVM U16w 2021"]
[Site "Berlin GER"]
[Date "2022.05.02"]
[Round "5"]
[White "Zöllner, Bente"]
[Black "Lensing, Sienna"]
[Result "1-0"]
[Termination "normal"]
[Board "5.1"]
[WhiteElo "1557"]
[BlackElo "1374"]
[WhiteClock "01:19:47"]
[BlackClock "00:26:09"]
[WhiteTeam "SC Papenburg"]
[BlackTeam "Schachgemeinschaft Turm Raesfeld/Erle"]
[PlyCount "95"]
[WhiteFideId "16230523"]
[BlackFideId "16298381"]
[EventCountry "GER"]
[EventRounds "7"]
[EventType "team-swiss"]
[EventDate "2022.04.29"]

1. d4 {[%clk 1:30:57]} d5 {[%clk 1:30:51]} 2. Nf3 {[%clk 1:31:13]} Nf6 {[%clk
1:31:16]} 3. c4 {[%clk 1:31:32]} e6 {[%clk 1:31:42]} 4. Nc3 {[%clk 1:31:53]} a6
{[%clk 1:32:04]} 5. cxd5 {[%clk 1:31:53]} exd5 {[%clk 1:32:02]} 6. Bg5 {[%clk
1:32:03]} Be6 {[%clk 1:28:50]} 7. e3 {[%clk 1:29:10]} Nbd7 {[%clk 1:27:22]} 8.
Ne5 {[%clk 1:26:05]} Be7 {[%clk 1:25:50]} 9. Bd3 {[%clk 1:25:01]} c5 {[%clk
1:23:42]} 10. Nxd7 {[%clk 1:23:15]} Bxd7 {[%clk 1:22:04]} 11. dxc5 {[%clk
1:22:09]} Bc6 {[%clk 1:18:20]} 12. O-O {[%clk 1:16:36]} Bxc5 {[%clk 1:13:47]}
13. Bc2 {[%clk 1:13:39]} Qd6 {[%clk 1:08:53]} 14. Bxf6 {[%clk 1:12:52]} Qxf6
{[%clk 1:08:33]} 15. Nxd5 {[%clk 1:11:42]} Qd8 {[%clk 1:01:27]} 16. Nc3 {[%clk
1:10:31]} Qc7 {[%clk 0:51:40]} 17. Qh5 {[%clk 1:08:18]} Bd6 {[%clk 0:46:52]}
18. Ne4 {[%clk 1:06:43]} Bxe4 {[%clk 0:41:59]} 19. Bxe4 {[%clk 1:06:43]} g6
{[%clk 0:40:16]} 20. Qh6 {[%clk 1:04:38]} Bf8 {[%clk 0:38:59]} 21. Qf4 {[%clk
1:04:13]} Qxf4 {[%clk 0:37:48]} 22. exf4 {[%clk 1:04:33]} Rb8 {[%clk 0:37:20]}
23. Rfe1 {[%clk 1:04:16]} Be7 {[%clk 0:33:42]} 24. Bf3 {[%clk 0:57:36]} Kf8
{[%clk 0:32:46]} 25. Rad1 {[%clk 0:57:24]} Bf6 {[%clk 0:29:36]} 26. Rd7 {[%clk
0:56:17]} b5 {[%clk 0:28:04]} 27. Bd5 {[%clk 0:55:36]} Kg7 {[%clk 0:19:04]} 28.
Rxf7+ {[%clk 0:55:31]} Kh6 {[%clk 0:19:12]} 29. Rxf6 {[%clk 0:55:50]} Rhd8
{[%clk 0:18:22]} 30. Be4 {[%clk 0:55:14]} Rd2 {[%clk 0:17:16]} 31. f5 {[%clk
0:54:48]} Rg8 {[%clk 0:16:18]} 32. fxg6 {[%clk 0:54:40]} hxg6 {[%clk 0:16:34]}
33. Rxa6 {[%clk 0:54:34]} Rxb2 {[%clk 0:14:20]} 34. Rb6 {[%clk 0:54:34]} Rb4
{[%clk 0:12:49]} 35. Bd3 {[%clk 0:54:16]} Rd4 {[%clk 0:10:05]} 36. Bxb5 {[%clk
0:53:52]} Rb4 {[%clk 0:10:10]} 37. a4 {[%clk 0:53:54]} Ra8 {[%clk 0:07:00]} 38.
Rf6 {[%clk 0:52:42]} Rd4 {[%clk 0:05:22]} 39. g3 {[%clk 0:51:37]} Rc8 {[%clk
0:04:19]} 40. Be8 {[%clk 0:51:29]} Rdd8 {[%clk 0:02:33]} 41. Rxg6+ {[%clk
0:51:44]} Kh7 {[%clk 0:01:46]} 42. Re7+ {[%clk 0:51:19]} Kh8 {[%clk 0:01:59]}
43. Re4 {[%clk 0:51:28]} Rc7 {[%clk 0:01:39]} 44. Bb5 {[%clk 0:51:24]} Rg8
{[%clk 0:26:49]} 45. Rh4+ {[%clk 1:18:31]} Rh7 {[%clk 0:25:34]} 46. Rxg8+
{[%clk 1:18:54]} Kxg8 {[%clk 0:25:49]} 47. Rxh7 {[%clk 1:19:21]} Kxh7 {[%clk
0:26:09]} 48. a5 {[%clk 1:19:47]} 1-0

[Event "DVM U16w 2021"]
[Site "Berlin GER"]
[Date "2022.05.02"]
[Round "5"]
[White "Clauß, Annika"]
[Black "Evering, Enna"]
[Result "1/2-1/2"]
[Termination "normal"]
[Board "5.2"]
[WhiteElo "1506"]
[BlackElo "1464"]
[WhiteClock "00:31:44"]
[BlackClock "00:26:30"]
[WhiteTeam "Schachgemeinschaft Turm Raesfeld/Erle"]
[BlackTeam "SC Papenburg"]
[PlyCount "90"]
[WhiteFideId "16261380"]
[BlackFideId "16218213"]
[EventCountry "GER"]
[EventRounds "7"]
[EventType "team-swiss"]
[EventDate "2022.04.29"]

1. d4 {[%clk 1:30:57]} Nf6 {[%clk 1:30:52]} 2. c4 {[%clk 1:31:20]} g6 {[%clk
1:31:13]} 3. Nc3 {[%clk 1:31:40]} d5 {[%clk 1:31:35]} 4. h4 {[%clk 1:31:36]} c6
{[%clk 1:26:11]} 5. Bf4 {[%clk 1:27:56]} Bg7 {[%clk 1:21:59]} 6. e3 {[%clk
1:26:08]} b6 {[%clk 1:15:41]} 7. cxd5 {[%clk 1:24:54]} Nxd5 {[%clk 1:14:56]} 8.
Bh2 {[%clk 1:22:25]} O-O {[%clk 1:10:29]} 9. e4 {[%clk 1:15:34]} Nxc3 {[%clk
1:09:21]} 10. bxc3 {[%clk 1:15:49]} c5 {[%clk 1:06:25]} 11. Ne2 {[%clk
1:13:11]} Ba6 {[%clk 1:01:21]} 12. e5 {[%clk 1:11:51]} Nc6 {[%clk 0:53:25]} 13.
f4 {[%clk 1:06:10]} Bxe2 {[%clk 0:49:04]} 14. Bxe2 {[%clk 1:06:21]} cxd4 {[%clk
0:48:12]} 15. cxd4 {[%clk 1:06:28]} Qxd4 {[%clk 0:44:58]} 16. g4 {[%clk
1:04:03]} Qc3+ {[%clk 0:40:52]} 17. Kf2 {[%clk 1:00:36]} Rad8 {[%clk 0:37:57]}
18. Qc1 {[%clk 0:57:26]} Qxc1 {[%clk 0:33:11]} 19. Raxc1 {[%clk 0:52:37]} Nb8
{[%clk 0:32:59]} 20. Rc7 {[%clk 0:49:18]} Rd7 {[%clk 0:30:09]} 21. Rhc1 {[%clk
0:49:14]} a5 {[%clk 0:29:27]} 22. Rxd7 {[%clk 0:46:06]} Nxd7 {[%clk 0:29:51]}
23. Rc7 {[%clk 0:42:03]} Rd8 {[%clk 0:28:47]} 24. Ke3 {[%clk 0:38:19]} e6
{[%clk 0:26:21]} 25. Rb7 {[%clk 0:37:58]} Bf8 {[%clk 0:23:38]} 26. Kf3 {[%clk
0:34:00]} Bc5 {[%clk 0:22:04]} 27. Bb5 {[%clk 0:32:05]} Nb8 {[%clk 0:20:03]}
28. a4 {[%clk 0:31:52]} Rc8 {[%clk 0:18:34]} 29. f5 {[%clk 0:25:11]} gxf5
{[%clk 0:13:40]} 30. gxf5 {[%clk 0:25:03]} Nc6 {[%clk 0:13:25]} 31. Ke4 {[%clk
0:21:59]} exf5+ {[%clk 0:11:11]} 32. Kxf5 {[%clk 0:19:01]} Nd4+ {[%clk
0:11:17]} 33. Kf6 {[%clk 0:19:08]} Nxb5 {[%clk 0:11:21]} 34. axb5 {[%clk
0:19:30]} Bf2 35. h5 {[%clk 0:16:06]} Re8 {[%clk 0:07:39]} 36. Bf4 {[%clk
0:13:54]} Re6+ {[%clk 0:04:22]} 37. Kf5 {[%clk 0:13:49]} Re8 {[%clk 0:03:43]}
38. h6 {[%clk 0:12:17]} Kf8 {[%clk 0:03:20]} 39. Bh2 {[%clk 0:00:40]} Bc5
{[%clk 0:02:33]} 40. Bf4 {[%clk 0:00:45]} Re7 {[%clk 0:01:48]} 41. Rb8+ {[%clk
0:00:43]} Re8 {[%clk 0:30:14]} 42. Rb7 {[%clk 0:30:41]} Re7 {[%clk 0:25:40]}
43. Rb8+ {[%clk 0:31:00]} Re8 {[%clk 0:26:06]} 44. Rb7 {[%clk 0:31:22]} Re7
{[%clk 0:26:15]} 45. Rb8+ {[%clk 0:31:44]} Re8 {[%clk 0:26:30]} 1/2-1/2

[Event "DVM U16w 2021"]
[Site "Berlin GER"]
[Date "2022.05.02"]
[Round "5"]
[White "Werner, Rosalie"]
[Black "Gröschel, Karoline"]
[Result "1-0"]
[Termination "normal"]
[Board "6.1"]
[WhiteElo "1712"]
[BlackElo "1645"]
[WhiteClock "00:01:31"]
[BlackClock "00:00:54"]
[WhiteTeam "VSG 1880 Offenbach"]
[BlackTeam "SK Landau"]
[PlyCount "75"]
[WhiteFideId "16223748"]
[BlackFideId "34610537"]
[EventCountry "GER"]
[EventRounds "7"]
[EventType "team-swiss"]
[EventDate "2022.04.29"]

1. e4 {[%clk 1:30:57]} c5 {[%clk 1:30:54]} 2. Nf3 {[%clk 1:31:22]} e6 {[%clk
1:31:19]} 3. d4 {[%clk 1:31:46]} cxd4 {[%clk 1:31:43]} 4. Nxd4 {[%clk 1:32:10]}
a6 {[%clk 1:32:11]} 5. Bd3 {[%clk 1:32:21]} Bc5 {[%clk 1:32:36]} 6. Nb3 {[%clk
1:32:44]} Ba7 {[%clk 1:33:01]} 7. c4 {[%clk 1:32:02]} Nc6 {[%clk 1:31:48]} 8.
Nc3 {[%clk 1:31:07]} Nge7 {[%clk 1:30:20]} 9. Qe2 {[%clk 1:30:34]} O-O {[%clk
1:29:08]} 10. O-O {[%clk 1:27:33]} d5 {[%clk 1:24:53]} 11. exd5 {[%clk
1:16:01]} exd5 {[%clk 1:24:03]} 12. cxd5 {[%clk 1:11:09]} Nxd5 {[%clk 1:22:48]}
13. Bxh7+ {[%clk 1:08:27]} Kxh7 {[%clk 1:21:30]} 14. Qh5+ {[%clk 1:04:51]} Kg8
{[%clk 1:21:49]} 15. Nxd5 {[%clk 0:57:05]} Be6 {[%clk 1:03:23]} 16. Rd1 {[%clk
0:49:33]} Qc8 {[%clk 0:58:27]} 17. Bg5 {[%clk 0:25:38]} Bg4 {[%clk 0:54:03]}
18. Qh4 {[%clk 0:25:19]} Bxd1 {[%clk 0:48:31]} 19. Nf6+ {[%clk 0:25:25]} gxf6
{[%clk 0:48:06]} 20. Bxf6 {[%clk 0:25:29]} Bxf2+ {[%clk 0:47:14]} 21. Kxf2
{[%clk 0:23:11]} Qf5+ {[%clk 0:46:57]} 22. Kg1 {[%clk 0:22:53]} Qh5 {[%clk
0:47:06]} 23. Qg3+ {[%clk 0:22:24]} Qg4 {[%clk 0:47:14]} 24. Rxd1 {[%clk
0:19:35]} Qxg3 {[%clk 0:47:34]} 25. hxg3 {[%clk 0:20:00]} Rfe8 {[%clk 0:46:41]}
26. Kf2 {[%clk 0:19:43]} Re6 {[%clk 0:45:29]} 27. Bc3 {[%clk 0:19:31]} b6
{[%clk 0:36:39]} 28. Rh1 {[%clk 0:16:25]} f6 {[%clk 0:21:14]} 29. g4 {[%clk
0:11:52]} Ra7 {[%clk 0:16:38]} 30. Rh6 {[%clk 0:08:27]} Kg7 {[%clk 0:14:27]}
31. g5 {[%clk 0:06:55]} Ne5 {[%clk 0:09:17]} 32. Kg3 {[%clk 0:06:41]} Ng6
{[%clk 0:02:01]} 33. Kg4 {[%clk 0:03:39]} Re4+ {[%clk 0:01:09]} 34. Kf5 {[%clk
0:03:19]} Rf4+ {[%clk 0:01:10]} 35. Ke6 {[%clk 0:03:32]} Re7+ {[%clk 0:00:36]}
36. Kd6 {[%clk 0:03:52]} Rf7 {[%clk 0:00:44]} 37. Kc6 {[%clk 0:02:09]} Rg4
{[%clk 0:00:54]} 38. Rh5 {[%clk 0:01:31]} 1-0

[Event "DVM U16w 2021"]
[Site "Berlin GER"]
[Date "2022.05.02"]
[Round "5"]
[White "Wagner, Lea"]
[Black "Steinlechner, Katja"]
[Result "0-1"]
[Termination "normal"]
[Board "6.3"]
[WhiteElo "757"]
[BlackElo "1317"]
[WhiteClock "00:00:56"]
[BlackClock "00:21:24"]
[WhiteTeam "VSG 1880 Offenbach"]
[BlackTeam "SK Landau"]
[PlyCount "74"]
[WhiteFideId "34620680"]
[BlackFideId "16265173"]
[EventCountry "GER"]
[EventRounds "7"]
[EventType "team-swiss"]
[EventDate "2022.04.29"]

1. e4 {[%clk 1:30:57]} c5 {[%clk 1:30:51]} 2. c3 {[%clk 1:31:19]} g6 {[%clk
1:31:05]} 3. d4 {[%clk 1:30:37]} cxd4 {[%clk 1:31:22]} 4. cxd4 {[%clk 1:30:22]}
Bg7 {[%clk 1:30:14]} 5. Nf3 {[%clk 1:29:49]} d6 {[%clk 1:28:50]} 6. Be2 {[%clk
1:29:20]} Nc6 {[%clk 1:27:43]} 7. Be3 {[%clk 1:24:01]} Nf6 {[%clk 1:26:03]} 8.
Nc3 {[%clk 1:19:43]} O-O {[%clk 1:24:59]} 9. O-O {[%clk 1:19:41]} a6 {[%clk
1:20:53]} 10. h3 {[%clk 1:15:06]} b5 {[%clk 1:16:29]} 11. e5 {[%clk 1:05:32]}
dxe5 {[%clk 1:14:02]} 12. dxe5 {[%clk 1:04:47]} Qxd1 {[%clk 1:13:08]} 13. Rfxd1
{[%clk 1:04:08]} Nd7 {[%clk 1:10:16]} 14. Bg5 {[%clk 0:58:40]} e6 {[%clk
1:06:52]} 15. Rac1 {[%clk 0:50:59]} Ndxe5 {[%clk 1:02:58]} 16. Nxe5 {[%clk
0:47:42]} Bxe5 {[%clk 0:58:53]} 17. Bf3 {[%clk 0:46:33]} Bb7 {[%clk 0:51:19]}
18. Rd7 {[%clk 0:42:07]} Bc8 {[%clk 0:49:03]} 19. Bxc6 {[%clk 0:39:33]} Bxd7
{[%clk 0:48:12]} 20. Bxd7 {[%clk 0:36:59]} Ra7 {[%clk 0:44:55]} 21. Bc6 {[%clk
0:32:22]} Rc7 {[%clk 0:42:20]} 22. Bf3 {[%clk 0:29:40]} Rfc8 {[%clk 0:38:33]}
23. Bd2 {[%clk 0:24:01]} b4 {[%clk 0:31:27]} 24. Ne2 {[%clk 0:21:44]} Rxc1+
{[%clk 0:25:24]} 25. Bxc1 {[%clk 0:16:22]} Rc2 {[%clk 0:24:03]} 26. a4 {[%clk
0:10:34]} Bxb2 {[%clk 0:20:33]} 27. Bxb2 {[%clk 0:10:30]} Rxb2 {[%clk 0:20:45]}
28. Nc1 {[%clk 0:09:31]} Rb1 {[%clk 0:20:30]} 29. Kh2 {[%clk 0:06:21]} Rxc1
{[%clk 0:20:40]} 30. g4 {[%clk 0:05:53]} b3 {[%clk 0:20:25]} 31. Be4 {[%clk
0:06:04]} b2 {[%clk 0:20:31]} 32. Kg3 {[%clk 0:03:22]} b1=Q {[%clk 0:20:35]}
33. Bxb1 {[%clk 0:03:32]} Rxb1 {[%clk 0:20:58]} 34. f3 {[%clk 0:03:08]} Ra1
{[%clk 0:21:08]} 35. a5 {[%clk 0:01:39]} Rxa5 {[%clk 0:21:23]} 36. h4 {[%clk
0:01:58]} Rc5 {[%clk 0:21:21]} 37. h5 {[%clk 0:00:56]} gxh5 {[%clk 0:21:24]}
0-1

[Event "DVM U16w 2021"]
[Site "Berlin GER"]
[Date "2022.05.02"]
[Round "5"]
[White "Racky, Selina"]
[Black "Jacobasch, Ronja"]
[Result "0-1"]
[Termination "normal"]
[Board "7.1"]
[WhiteElo "1409"]
[BlackElo "1441"]
[WhiteTeam "SC Borussia Lichtenberg"]
[BlackTeam "Schachgemeinschaft Leipzig"]
[PlyCount "119"]
[WhiteFideId "16239440"]
[BlackFideId "34604340"]
[EventCountry "GER"]
[EventRounds "7"]
[EventType "team-swiss"]
[EventDate "2022.04.29"]

1. e4 d6 2. Nf3 Nf6 3. Nc3 g6 4. h3 Bg7 5. d4 O-O 6. Be3 c6 7. Bd3 b5 8. a3
Nbd7 9. O-O a6 10. Ne2 c5 11. c4 bxc4 12. Bxc4 cxd4 13. Qxd4 Bb7 14. Qd1 Nxe4
15. Rb1 Rc8 16. Ba2 Ndf6 17. b4 Nc3 18. Nxc3 Rxc3 19. a4 Qd7 20. b5 axb5 21.
axb5 Bxf3 22. Qxf3 Rb8 23. Qe2 d5 24. Bd4 Rcc8 25. Qd3 e6 26. f3 Rb7 27. b6 Qd8
28. Qb5 Nd7 29. Be3 Rcb8 30. Qc6 Nxb6 31. Rfc1 d4 32. Bd2 Qc7 33. Qe4 Nd5 34.
Rxb7 Qxb7 35. Bxd5 Qxd5 36. Qxd5 exd5 37. Kf2 Rb2 38. Ke1 Bf8 39. Rc8 Kg7 40.
Rd8 Rb5 41. Ke2 Be7 42. Ra8 Bc5 43. Rd8 Be7 44. Ra8 h5 45. Ra5 Rxa5 46. Bxa5
Bc5 47. Bd8 f6 48. Kd3 g5 49. g4 h4 50. Bc7 {(=)} Kf7 51. f4 gxf4 52. Bxf4 Kg6
53. Ke2 f5 54. g5 Be7 55. Be5 Kxg5 56. Bxd4 Kf4 57. Bf2 Ke4 58. Be3 f4 59. Bf2
d4 60. Ke1 0-1

[Event "DVM U16w 2021"]
[Site "Berlin GER"]
[Date "2022.05.02"]
[Round "5"]
[White "Halas, Neele Zoe"]
[Black "Berghold, Lotta"]
[Result "0-1"]
[Termination "normal"]
[Board "7.2"]
[WhiteElo "1422"]
[BlackElo "1482"]
[WhiteTeam "Schachgemeinschaft Leipzig"]
[BlackTeam "SC Borussia Lichtenberg"]
[PlyCount "120"]
[WhiteFideId "16287282"]
[BlackFideId "16243463"]
[EventCountry "GER"]
[EventRounds "7"]
[EventType "team-swiss"]
[EventDate "2022.04.29"]

1. e4 d6 2. d4 Nf6 3. Nc3 g6 4. Bd3 Nc6 5. Nge2 Nb4 6. O-O Nxd3 7. Qxd3 Bg7 8.
Bf4 O-O 9. Qd2 Re8 10. Bh6 e5 11. Bxg7 Kxg7 12. d5 Nh5 13. f3 Kg8 14. Nd1 Ng7
15. c4 b6 16. Nf2 a5 17. a4 Rf8 18. Nd3 f5 19. Nc3 f4 20. b3 g5 21. h3 h5 22.
Nf2 Rf7 23. Qd1 Ne8 24. Kh2 Rg7 25. Rh1 Nf6 26. Kg1 Qe8 27. Nb5 Qg6 28. Nc3 g4
29. hxg4 hxg4 30. fxg4 Nxg4 31. Nxg4 Bxg4 32. Qf1 Rf8 33. Ra2 f3 34. Rf2 Qg5
35. Ne2 Rgf7 36. Qc1 Qxc1+ 37. Nxc1 Rf4 38. gxf3 Bxf3 39. Rh3 Rg4+ 40. Kh2 Bxe4
41. Rxf8+ Kxf8 42. Rh8+ Ke7 43. Rc8 Kd7 44. Rf8 Rg7 45. Rf1 c6 46. dxc6+ Kxc6
47. Re1 Rg4 48. Kh3 Rf4 49. Kg3 Kc5 50. Kh2 Bf5 51. Rd1 Be4 52. Re1 Kb4 53. Rd1
Rf6 54. Re1 Bc2 55. Re2 Bxb3 56. Rb2 Rf3 57. Kg2 Rc3 58. Na2+ Ka3 59. Nxc3 Kxb2
60. Nd5 Bxc4  0-1

[Event "DVM U16w 2021"]
[Site "Berlin GER"]
[Date "2022.05.02"]
[Round "5"]
[White "Reddi, Bhuvana"]
[Black "Kanno, Clara Yumi"]
[Result "1/2-1/2"]
[Termination "normal"]
[Board "8.1"]
[WhiteElo "1404"]
[BlackElo "1141"]
[WhiteTeam "SC Weisse Dame e.V."]
[BlackTeam "Schachfreunde Essen-Werden 1924/80 e. V."]
[PlyCount "89"]
[WhiteFideId "16287002"]
[BlackFideId "16259661"]
[EventCountry "GER"]
[EventRounds "7"]
[EventType "team-swiss"]
[EventDate "2022.04.29"]

1. e4 c5 2. Nf3 d6 3. d4 cxd4 4. Qxd4 Nc6 5. Bb5 Bd7 6. Bxc6 Bxc6 7. Nc3 Nf6 8.
Bg5 e5 9. Qd3 Be7 10. O-O-O a6 11. Bxf6 gxf6 12. Nh4 Bd7 13. Nd5 Bf8 14. Kb1
Rc8 15. Ne3 Be6 16. Nhf5 Rc6 17. Nd5 b5 18. Qh3 a5 19. Rhe1 Bxd5 20. Rxd5 Qb6
21. Qf3 b4 22. Red1 a4 23. Qd3 Kd7 24. Rd2 b3 25. Rb5 bxc2+ 26. Rxc2 Qc7 27.
Rxc6 Qxc6 28. Qd5 Qxd5 29. Rxd5 Be7 30. Ra5 Bd8 31. Ra7+ Kc6 32. Rxa4 Bb6 33.
f3 Bc5 34. Rc4 Kb5 35. Rc2 Ra8 36. Ne7 Ra4 37. Nd5 Rd4 38. Re2 f5 39. Nc3+ Kc4
40. exf5 Bb4 41. Kc2 Rf4 42. Re4+ Rxe4 43. fxe4 Kd4 44. a4 h5 45. Kd2 1/2-1/2

[Event "DVM U16w 2021"]
[Site "Berlin GER"]
[Date "2022.05.02"]
[Round "5"]
[White "Symanski, Linda"]
[Black "Fayngold, Sophie"]
[Result "1-0"]
[Termination "normal"]
[Board "8.2"]
[WhiteElo "1090"]
[BlackElo "1222"]
[WhiteTeam "Schachfreunde Essen-Werden 1924/80 e. V."]
[BlackTeam "SC Weisse Dame e.V."]
[PlyCount "107"]
[WhiteFideId "16284534"]
[BlackFideId "16244761"]
[EventCountry "GER"]
[EventRounds "7"]
[EventType "team-swiss"]
[EventDate "2022.04.29"]

1. d4 d5 2. c4 Nf6 3. Nc3 e6 4. Bg5 c5 5. e3 b6 6. dxc5 Bxc5 7. cxd5 exd5 8.
Bb5+ Bd7 9. Bxd7+ Nbxd7 10. a3 h6 11. Bh4 g5 12. Bg3 Nf8 13. Nf3 Ng6 14. Qa4+
Qd7 15. Qxd7+ Kxd7 16. Rd1 Rhe8 17. Nxd5 Nxd5 18. Rxd5+ Kc6 19. Rf5 Re7 20. Ke2
Rd8 21. Rc1 Kb7 22. b4 Bd6 23. Rd1 Bc7 24. Rxd8 Bxd8 25. Nd4 Bc7 26. Bxc7 Kxc7
27. Nb5+ Kc6 28. Nc3 Nf4+ 29. Kf3 Ng6 30. Rf6+ Re6 31. Rxe6+ fxe6 32. Kg4 Ne7
33. Kh5 Nd5 34. Nxd5 Kxd5 35. Kxh6 Kc4 36. Kxg5 Kb3 37. h4 Kxa3 38. h5 Kxb4 39.
h6 a5 40. h7 a4 41. h8=Q a3 42. Qd4+ Ka5 43. Kf6 a2 44. Qd2+ Ka6 45. Qxa2+ Kb5
46. g4 Kc6 47. Kxe6 Kb7 48. g5 Kc7 49. g6 b5 50. g7 Kb6 51. g8=Q Kc6 52. Qd5+
Kb6 53. Qb8+ Ka5 54. Qbxb5#  1-0

[Event "DVM U16w 2021"]
[Site "Berlin GER"]
[Date "2022.05.02"]
[Round "5"]
[White "Claussen, Daniela"]
[Black "Bauer, Sophia"]
[Result "0-1"]
[Termination "normal"]
[Board "8.4"]
[WhiteElo "924"]
[BlackElo "1139"]
[WhiteTeam "Schachfreunde Essen-Werden 1924/80 e. V."]
[BlackTeam "SC Weisse Dame e.V."]
[PlyCount "68"]
[WhiteFideId "16248929"]
[BlackFideId "34620583"]
[EventCountry "GER"]
[EventRounds "7"]
[EventType "team-swiss"]
[EventDate "2022.04.29"]

1. e3 e5 2. b3 Nc6 3. Bb2 Nf6 4. Bb5 d6 5. Nf3 Bd7 6. O-O a6 7. Bxc6 Bxc6 8. d3
Be7 9. Nbd2 O-O 10. d4 e4 11. Ng5 h6 12. Nh3 d5 13. c4 Re8 14. f3 Bb4 15. Nf2
exf3 16. Nxf3 Rxe3 17. a3 Bd6 18. Ne5 Qe8 19. Qc1 Rxb3 20. Qc2 Ba4 21. Nfd3
Rxa3 22. Qd2 Rxa1 23. Rxa1 dxc4 24. Nxc4 Bc6 25. Nde5 Rd8 26. Qe3 Nd5 27. Qg3
f6 28. Nxd6 Rxd6 29. Ng4 Qg6 30. Bc1 f5 31. Ne5 Qxg3 32. hxg3 Nc3 33. Bb2 Ne2+
34. Kf2 Nxd4  0-1

[Event "DVM U16w 2021"]
[Site "Berlin GER"]
[Date "2022.05.02"]
[Round "5"]
[White "Trunz, Michelle"]
[Black "Ponomarev, Christina"]
[Result "1-0"]
[Termination "normal"]
[Board "9.1"]
[WhiteElo "1708"]
[BlackElo "1010"]
[WhiteTeam "Schachgemeinschaft Porz e. V. 2"]
[BlackTeam "SV Aalen-Ellwangen e.V."]
[PlyCount "73"]
[WhiteFideId "16227980"]
[BlackFideId "16284208"]
[EventCountry "GER"]
[EventRounds "7"]
[EventType "team-swiss"]
[EventDate "2022.04.29"]

1. d4 d5 2. c4 e6 3. Nf3 Nf6 4. Bg5 Be7 5. e3 Ne4 6. Bxe7 Qxe7 7. Nbd2 Qb4 8.
Qc2 Nxd2 9. Nxd2 dxc4 10. Bxc4 O-O 11. O-O f5 12. a3 Qd6 13. Nf3 Qc6 14. Qb3 a6
15. d5 exd5 16. Bxd5+ Qxd5 17. Qxd5+ Kh8 18. Ng5 h6 19. Nf7+ Kh7 20. e4 c6 21.
Qc4 b5 22. Qb3 a5 23. Nd6 Bd7 24. e5 Na6 25. Qd3 Be6 26. Rac1 Rad8 27. Qc3 Bd5
28. Qxa5 Nb8 29. Rfd1 Bb3 30. Rd3 Bc4 31. Rd2 Kg6 32. Nxc4 Rxd2 33. Nxd2 Re8
34. Qc7 Kh7 35. Nf3 Kg6 36. e6 Kf6 37. Qf7#  1-0

[Event "DVM U16w 2021"]
[Site "Berlin GER"]
[Date "2022.05.02"]
[Round "5"]
[White "Buryak, Taissia"]
[Black "Brinkmann, Tamina"]
[Result "1/2-1/2"]
[Termination "normal"]
[Board "9.4"]
[WhiteElo "961"]
[BlackElo "941"]
[WhiteTeam "SV Aalen-Ellwangen e.V."]
[BlackTeam "Schachgemeinschaft Porz e. V. 2"]
[PlyCount "41"]
[WhiteFideId "16284194"]
[BlackFideId "16284437"]
[EventCountry "GER"]
[EventRounds "7"]
[EventType "team-swiss"]
[EventDate "2022.04.29"]

1. e4 e5 2. Nf3 Nc6 3. Bb5 Nf6 4. d3 a6 5. Bxc6 bxc6 6. Nxe5 Bb7 7. Bg5 Be7 8.
Nf3 O-O 9. Nc3 d6 10. O-O Nd7 11. Bf4 d5 12. Re1 dxe4 13. dxe4 c5 14. Ne5 Nxe5
15. Bxe5 Bd6 16. Bxd6 cxd6 17. Qh5 Re8 18. Rad1 Qf6 19. Nd5 Bxd5 20. Qxd5 Rad8
21. Qc6  1/2-1/2